[Event "Rohde op 06th"]
[Site "Sautron"]
[Date "2006.11.02"]
[Round "7"]
[White "Chatalbashev, Boris"]
[Black "Bitensky, Igor"]
[Result "0-1"]
[WhiteElo "2534"]
[BlackElo "2366"]
[Annotator "RR"]
[PlyCount "100"]
[EventDate "2006.10.28"]
[EventType "swiss"]
[EventRounds "9"]
[EventCountry "FRA"]
[SourceTitle "EXT 2007"]
[Source "ChessBase"]
[SourceDate "2006.11.23"]
[SourceVersion "1"]
[SourceVersionDate "2006.11.23"]
[SourceQuality "1"]

1. d4 g6 2. e4 Bg7 3. Nc3 d6 4. f4 (4. Be3) 4... Nf6 5. Nf3 O-O 6. Bd3 Na6 (
6... Nc6) 7. O-O c5 8. d5 Bg4 (8... Rb8 $5 {[%cal Gb7b5]} 9. Qe2 {[%csl Gb5]} (
9. f5 b5 10. fxg6 fxg6 11. Bxb5 Nxe4 12. Nxe4 Rxb5 13. Qe2 c4 14. Nc3 Bxc3 15.
bxc3 Rxd5 16. Bh6 $13) 9... Nc7 {[%cal Gb7b5]}) 9. Bc4 {[%csl Gc4]} Nd7 (9...
Nc7 {[%cal Gb7b5]}) 10. Qe2 {peu joué} ({RR} 10. a4 Nc7 11. h3 Bxf3 12. Qxf3 a6
13. Qd3 Nb6 14. Bb3 Nd7 15. Bd2 Rb8 16. a5 b5 17. axb6 Nxb6 18. Nd1 Qd7 19. f5
Nb5 20. Rxa6 Nd4 21. Ne3 Qb7 22. Ra3 Ra8 23. Ng4 c4 24. Bxc4 Nxc4 {Sutovsky,E 
(2612)-Kantsler,B (2539)/Israel 1999/EXT 2000/1/2-1/2 (33)}) ({RR} 10. h3 Bxf3
11. Qxf3 Rb8 12. Qe2 Nc7 13. a4 a6 14. a5 Qc8 15. Na4 e6 16. dxe6 Nxe6 17. c3
Qd8 18. Nb6 Nxb6 19. axb6 Qf6 20. Qg4 Rbe8 21. f5 Nd8 22. Bg5 Qe5 23. Bd5 Nc6
24. f6 Bh8 {Erturan,Y (2211)-Bitansky,I (2363)/Athens 2001/EXT 2002/1-0 (32)})
10... Nc7 11. a4 e6 $146 ({RR} 11... a6 12. h3 Bxf3 13. Rxf3 Qb8 14. h4 Bd4+
15. Kh1 Nf6 16. Nd1 b5 17. Ba2 c4 18. c3 Bc5 19. f5 e6 20. Bh6 exf5 21. Bxf8
Qxf8 22. exf5 Qh6 23. fxg6 hxg6 24. g3 Re8 25. Qg2 Ng4 26. Rf1 {Loskutov,O 
(2395)-Fedorov,V (2430)/Moscow 1996/CBM 055 ext/0-1 (48)}) 12. h3 Bxf3 13. Qxf3
{Les blancs ont perdu un temps avec Qe2 et il semblait préférable de jouer la
ligne principale 10.h3} Nb6 14. Bd3 exd5 $1 15. exd5 Nd7 (15... Bxc3 16. bxc3
Nbxd5 17. f5 $44 {[%cal Gc1h6]} Qf6 18. Bh6 Qxc3 (18... Rfe8 $2 19. fxg6 Qxf3
20. gxh7+)) 16. Nb5 Nf6 17. c4 Nxb5 18. axb5 a6 19. bxa6 Rxa6 20. Rxa6 bxa6 21.
Bc2 $14 {[%csl Ra6,Gc1,Gc2][%cal Gc2a4,Ga4c6,Gf3a3,Ga3a6]} Nd7 22. Qa3 Qb6 23.
Ba4 Bd4+ 24. Kh1 (24. Kh2 Nf6) 24... Nf6 25. f5 Qb4 26. Qxb4 cxb4 27. fxg6 hxg6
28. Re1 (28. Bh6 Rd8 29. Bg5 Kg7) 28... Kg7 29. g4 Rd8 30. Re7 Kf8 31. Rc7 $6 (
31. Re2 Nd7 (31... Rc8 32. Bh6+ Kg8 33. b3 (33. Bc6)) 32. Bh6+ Bg7) 31... Ne4
32. Bc6 Kg7 33. Kg2 Nc5 34. h4 Nd3 35. Bg5 Bf6 36. Bxf6+ Kxf6 37. g5+ Kg7 38.
Rb7 a5 39. Ra7 Nxb2 40. Rxa5 Rb8 41. c5 $2 b3 42. cxd6 Nc4 {[%cal Gc4a5,Gc4d6]}
43. Rb5 Rxb5 44. Bxb5 b2 45. d7 b1=Q 46. d8=Q Qxb5 47. Kf3 Qb3+ 48. Kf2 Qe3+
49. Kg2 Qe4+ 50. Kg3 Qe5+ {le MI a crée la surprise dans ce tournoi avec ce
gain qui lui permet de prendre la tête du classement après cette ronde 7.} 0-1

[Event "Vandoeuvre op 11th"]
[Site "Vandoeuvre"]
[Date "2014.12.29"]
[Round "7"]
[White "Gharamian, Tigran"]
[Black "Narciso Dublan, Marc"]
[Result "1/2-1/2"]
[WhiteElo "2658"]
[BlackElo "2515"]
[Annotator "RR"]
[PlyCount "86"]
[EventDate "2014.12.26"]
[EventType "swiss"]
[EventRounds "9"]
[EventCountry "FRA"]
[SourceTitle "EXT 2017"]
[Source "ChessBase"]
[SourceDate "2016.10.25"]
[SourceVersion "1"]
[SourceVersionDate "2016.10.25"]
[SourceQuality "1"]

1. e4 {88} d6 2. d4 Nf6 3. Nc3 g6 4. f4 Bg7 5. Nf3 O-O {91} 6. e5 (6. Bd3) 6...
Nfd7 (6... dxe5 7. fxe5 (7. dxe5 Qxd1+ 8. Kxd1 Rd8+ 9. Bd3 Nd5 10. Nxd5 Rxd5
11. Ke2 $14 {Jansa,V (2450)-Szabo,L (2525) CSR-ch int Luhacovice 1971 (2) 1/2})
7... Nd5) 7. Bc4 (7. h4 c5 8. h5 (8. e6 fxe6 9. h5) 8... cxd4 9. hxg6 dxc3 10.
gxf7+ Rxf7 11. Bc4 Nf8 12. Bxf7+ (12. Ng5) 12... Kxf7 13. Ng5+ Kg8 14. Qh5 $36
{Shirov,A (2715)-Smirin,I (2654) World Cup ACP 1st rapid 2007 (1.2) 1/2}) 7...
Nb6 8. Bb3 Nc6 9. a4 {89} (9. Be3 Na5) 9... dxe5 (9... Na5 10. Ba2 {Karpatchev,
A (2484)-Chatalbashev,B (2560) Lueneburg op 2013 (6) 1/2}) 10. fxe5 Na5 11. Ba2
Bg4 12. Bf4 $14 Bxf3 13. gxf3 {57} Nc6 {50} 14. Be3 e6 {[%csl Rd4]} 15. Qd2 {47
} Qh4+ 16. Qf2 Qxf2+ 17. Kxf2 {45} Nb4 {25} 18. Bb3 N6d5 19. Bd2 {29} (19. Nxd5
Nxd5 20. f4 (20. c4 Nxe3 21. Kxe3) 20... Nxe3 21. Kxe3 Rfd8 22. Rad1 Rd7 23. c4
Rad8 24. d5 $14 {[%csl Gd5,Ge5]}) (19. f4) 19... c5 $1 20. Nxd5 {18} Nxd5 {
19 Les deux adversaires sont en léger zeitnot} 21. Bxd5 (21. c3 cxd4 22. cxd4
Rfd8 {[%csl Rd4]} (22... Rac8)) 21... exd5 22. dxc5 $6 (22. Bc3 $142 cxd4 23.
Bxd4 {[%csl Gd4,Rd5]} Rac8 (23... Rfe8 24. Rhe1 $14) 24. c3) 22... Bxe5 23.
Rhd1 Bxb2 24. Rab1 Bd4+ 25. Be3 Bxe3+ 26. Kxe3 Rfe8+ 27. Kf2 Re7 (27... Rac8
28. Rxd5 (28. Rxb7 Rxc5 29. Rxa7 Rxc2+ $36 {[%cal Gc2a2,Ge8e2]}) 28... Re7 29.
a5 {[%csl Rb7]}) 28. Rxd5 Rae8 $15 {Sans les R, la finale de P serait perdante
pour les Blancs mais le français a de l'expérience pour tenir cette position
inférieure.} 29. Kg3 $1 Rc7 30. Rb4 {15} Re2 {09} (30... Rec8 31. Rc4 b6) 31.
Rc4 Kg7 (31... b6 32. cxb6 Rxc4 33. Rd8+ (33. b7 Rb4 34. Rb5 Rxb5 35. axb5 Re8)
33... Kg7 34. b7 Rb4 35. b8=Q Rxb8 36. Rxb8 Rxc2 37. Rb7 $11) 32. Rd6 Re5 $1
33. c6 $8 bxc6 34. Rdxc6 Rxc6 35. Rxc6 Ra5 36. Rc4 Kf6 37. Kf4 Ke6 38. Ke3 Kd6
(38... Rh5) 39. Rh4 {10} h5 {02} 40. Rd4+ Ke6 41. Rc4 Kd6 42. Rd4+ Ke6 43. Rc4
Kd6 1/2-1/2

[Event "Olympiad-36"]
[Site "Mallorca"]
[Date "2004.10.29"]
[Round "14"]
[White "Shirov, Alexei"]
[Black "Nyback, Tomi"]
[Result "1-0"]
[WhiteElo "2726"]
[BlackElo "2554"]
[Annotator "Ramirez Alvarez,A"]
[PlyCount "55"]
[EventDate "2004.10.15"]
[EventType "team-swiss"]
[EventRounds "14"]
[EventCountry "ESP"]
[SourceTitle "CBM 104"]
[Source "ChessBase"]
[SourceDate "2005.01.27"]
[SourceVersion "1"]
[SourceVersionDate "2005.01.27"]
[SourceQuality "1"]
[WhiteTeam "Spain"]
[BlackTeam "Finland"]
[WhiteTeamCountry "ESP"]
[BlackTeamCountry "FIN"]

{Shirov did not have a spectacular tournament, nor did Spain A in general, but
this is one very nice wipe-out of another GM.} 1. e4 d6 2. d4 Nf6 3. Nc3 g6 4.
f4 {The Austriac attack, aggresive, and right to the point, surely you didn't
want Shirov to be playing a Classical system!} Bg7 5. Nf3 c5 6. Bb5+ Bd7 7.
Bxd7+ $5 (7. e5 {Is almost always played, but white hasn't really gotten
anything in the last few years after} Ng4 8. e6 fxe6 9. Ng5 Bxb5 10. Nxe6 Bxd4
$1 {With the idea of} 11. Nxd8 Bf2+ 12. Kd2 Be3+ {with a draw}) 7... Nfxd7 8.
d5 {This certainly resembles the Benoni, yet e6 has not (and will not!) been
played. This change is definetley in whites favour, so perhaps the assesment
is that white is slightly better?} b5 {Perhaps the last try, something like} (
8... O-O 9. O-O Na6 (9... a6 10. a4 b6 11. Qd3 $16) 10. Qe2 $14 {Is only good
for white.}) 9. O-O {Yet the pawn advancing so fast has its defects. Now it
must advance again, leaving the c4 square weakened, and basically blocking the
queen side.} b4 (9... a6 10. a4 {Leads to something similar}) 10. Ne2 ({
The maenouvre to c4 directly doesn't bring white anything yet.} 10. Nb1 O-O 11.
Nbd2 Nb6 {wasn't so great.}) 10... Nb6 11. a3 $1 {White makes use of his
better developed pieces to try and open the queenside in a beneficial way to
him.} a5 (11... bxa3 12. Rxa3 O-O 13. b3 $16 {Would leave a7 very weak.}) 12.
axb4 axb4 13. Rxa8 Nxa8 {Now it will take black a while to get his major
pieces on the a file, meanwhile Shirov focuses on the other side.} 14. g4 $6 {
Pushing the pawns! White's plan is rather simplistic, but very dangerous,
specially because of the lack of counterplay. Now the dubious sign is on
account of the objective value of this move, black has enough resources to
hold his position after a g5-h4 push.} (14. f5 $14 {Seemed way more natural
and with less risk, since blacks knights are far from the e5 square for the
time being.} Nd7 15. Ng5 Ne5 16. Bf4 Qd7 $1 17. c3 $14 (17. Bxe5 $2 Bxe5 18.
fxg6 hxg6 19. Nxf7 Bxh2+ $17)) 14... Qc8 15. g5 Nb6 16. h4 h6 17. Kf2 {White
controls more space, and isn't afraid of any opening in the king side.} hxg5
18. hxg5 Qa6 $2 {Going totally in the wrong direction, Tomi just
underestimates the power of the lonely queen on h7...} (18... Qh3 19. Ng3 Qg4
$13 {Had to be tried, when perhaps black is not inferior.}) 19. b3 $1 {Alexei
begins to take over, this move is designed to cut out the knight on b6.} N8d7
20. Be3 {Pure development... and it is hard now to even find a move for black!}
Na8 $2 {This knight maneouvre is way too slow, perhaps it was better} (20...
Kf8 21. Rh1 Rxh1 22. Qxh1 Qa2 {And black has much better chances then in the
game.}) 21. Rh1 Rxh1 22. Qxh1 Qa2 23. Qh7 $1 {Not caring about the c2 pawn,
Alexei knows that his initiative on the king side will crash through.} Kf8 {[#]
} 24. f5 $5 {Basically the point... but better was} (24. Nh2 $1 {When black is
lost} Qxc2 (24... Nc7 25. Ng4 e6 26. Nh6 Bxh6 27. gxh6 Nf6 28. Qg7+ Ke7 29. e5
$18) 25. Ng4 Qxe4 26. Nh6 {And black is helpless.}) 24... Qxc2 25. Bf4 Qb2 $2 {
A blunder, but the alternative} (25... gxf5 26. Qxf5 Nab6 27. g6 Nf6 28. Ng5
$16 {Was very far from happy for black}) 26. f6 Nxf6 27. gxf6 Qxf6 28. e5 1-0

[Event "Olympiad-32"]
[Site "Yerevan"]
[Date "1996.09.26"]
[Round "10.3"]
[White "Solomon, Stephen J"]
[Black "Sarno, Spartaco"]
[Result "1/2-1/2"]
[WhiteElo "2385"]
[BlackElo "2410"]
[Annotator "Rogers,I"]
[PlyCount "125"]
[EventDate "1996.09.15"]
[EventType "team-swiss"]
[EventRounds "14"]
[EventCountry "ARM"]
[SourceTitle "CBM 055"]
[Source "ChessBase"]
[SourceDate "1996.12.01"]
[SourceVersion "1"]
[SourceVersionDate "1996.12.01"]
[SourceQuality "1"]
[WhiteTeam "Australia"]
[BlackTeam "Italy"]
[WhiteTeamCountry "AUS"]
[BlackTeamCountry "ITA"]

1. e4 d6 2. d4 Nf6 3. Nc3 g6 4. f4 Bg7 5. Nf3 O-O 6. Bd3 Na6 7. O-O c5 8. d5
Bg4 9. Bc4 $5 (9. Kh1) ({and} 9. Qe1 {are considered by theory more dangerous
for Black but the text move, hoping to discourage the e6 break, is not bad.})
9... Nc7 10. h3 Bxf3 11. Qxf3 Nd7 12. Be3 a6 13. a4 b6 14. Rad1 Qb8 15. e5 $1
b5 $1 ({Solomon is hoping for} 15... dxe5 16. d6 $1 exd6 17. Rxd6 {with
considerable pressure but Sarno finds a way to simply ignore White's central
advance.}) 16. Be2 bxa4 17. Nxa4 Qb4 18. b3 Nb5 19. Bc4 Nd4 20. Qf2 Qb7 21. e6
Nb6 $1 22. Nxb6 Qxb6 23. Qd2 a5 24. Rb1 Nf5 25. Bf2 Qb4 26. Qd3 Qc3 27. g4 $2 {
White mistakenly forces the Black knight to d4 because he expects to be able
to embarrass it there with a later c3. He is in for a shock.} Qxd3 28. Bxd3 Nd4
29. Kg2 fxe6 $3 ({Black could now maintain equality with} 29... Rfb8 {but he
finds a brilliant alternative.}) 30. c3 Nxb3 $1 31. Rxb3 exd5 32. Ra3 Rxf4 {
Black has managed to pick up four pawns for the piece - extremely good value.}
33. Bh4 Rxf1 34. Kxf1 c4 35. Be2 Kf7 36. Bf3 e6 37. Ke2 Ke8 38. Bf2 Ra6 39. Kd2
Bh6+ 40. Be3 $2 {White needs both bishops on the board to restrain the Black
pawn centre.} ({After} 40. Kc2 {White would have had reasonable drawing
chances.}) 40... Bxe3+ 41. Kxe3 Kd7 42. Bd1 Kc6 43. Ra1 Kc5 44. Ba4 e5 45. Rb1
Rb6 46. Rxb6 Kxb6 47. h4 $1 Kc5 48. Be8 $1 d4+ 49. Kd2 {Here Sarno immersed
himself in thought, realising that White's threat of Bxg6! followed by h5
could be very serious. After examining a few extremely risky-looking lines
after 49...d5, he found a way to force a 'safe' queen endgame with three extra
pawns and played...} e4 $2 ({As Solomon demonstrated immediately after the
game Black can win with the following marvellous variation:} 49... d5 $1 50.
Bxg6 dxc3+ 51. Kxc3 d4+ 52. Kc2 hxg6 53. h5 gxh5 54. gxh5 d3+ 55. Kd2 ({or} 55.
Kc3 a4 $1) 55... Kd4 56. h6 c3+ 57. Kc1 c2 $1 ({mhb: 57...c2 is a blunder but} 
57... d2+ 58. Kc2 (58. Kd1 {and we have the same motive:} Kd3 59. h7 c2#) 58...
Ke3 59. h7 Ke2 {wins easily}) 58. h7 (58. Kd2 {Kb3 59.h7 Kb2 is slower but
also losing for White. (mhb: apart that ...Kb3 is an illegal move and thus
White wins!)}) 58... Kc3 59. h8=Q {and now, since White's last move was not
check thanks to the useful little pawn on e5, Black can finish the game with}
d2# $1) 50. Bxg6 $1 e3+ 51. Ke2 hxg6 ({mhb:} 51... a4 {wins}) 52. h5 gxh5 ({
mhb:} 52... a4 53. hxg6 dxc3 54. Kxe3 a3 55. g7 c2 56. Kd2 a2 57. g8=Q c1=Q+
58. Kxc1 a1=Q+ {but it is probably a draw.}) 53. gxh5 dxc3 54. Kxe3 a4 55. h6
a3 56. h7 a2 57. h8=Q a1=Q {Sarno looked quite pleased with himself hereabouts
and was clearly shocked when Solomon's next move was accompanied by a draw
offer. "How rude can you get - offering a draw three pawns down," he probably
thought.} 58. Qc8+ {(=)} Kb4 59. Qb7+ Ka3 60. Qa8+ Kb2 61. Qb7+ {Now the sad
truth began to dawn on Sarno; he has no escape from the checks on the light
squares.} Ka2 62. Qa8+ Kb1 63. Qh1+ 1/2-1/2

[Event "UKR-ch"]
[Site "Ordzhonikidze"]
[Date "2001.09.12"]
[Round "5"]
[White "Berelowitsch, Alexander"]
[Black "Volokitin, Andrei"]
[Result "1/2-1/2"]
[WhiteElo "2513"]
[BlackElo "2551"]
[Annotator "Roiz,M"]
[PlyCount "44"]
[EventDate "2001.09.08"]
[EventType "swiss"]
[EventRounds "9"]
[EventCountry "UKR"]
[SourceTitle "CBM 086"]
[Source "ChessBase"]
[SourceDate "2002.02.05"]
[SourceVersion "1"]
[SourceVersionDate "2002.02.05"]
[SourceQuality "1"]

1. e4 d6 2. d4 Nf6 3. Nc3 g6 4. f4 Bg7 5. Nf3 O-O 6. Bd3 Nc6 {A Well-known
variation} ({Much more popular nowdays is} 6... Na6) 7. e5 ({Main line arise
after} 7. O-O e5 (7... Bg4 8. Be3 e5) 8. fxe5 dxe5 9. d5 Ne7 10. Nxe5 c6) 7...
dxe5 (7... Ne8 $6 8. Be3 Bg4 9. h3 Bxf3 10. Qxf3 dxe5 11. dxe5 f6 12. O-O-O {
[%cal Gd1d8,Gd3c4]} Qc8 13. exf6 Bxf6 14. Ne4 $16 {[%csl Gd3,Ge3,Re6,Re8,Rf6,
Rf7,Rg8] Smagin,Sergey-Lechtynsky,Jiri/Hartberg 1991}) 8. dxe5 (8. fxe5 {
Is another line:} Nd5 (8... Nd7 9. Be2 (9. Bf4 Nb6 10. Be4 Bg4 11. Ne2 Nd5 12.
c3 Qd7 13. O-O Bf5 14. Bxd5 $6 (14. Bxf5 Qxf5 15. Bg3 $14) 14... Qxd5 $11 {
Korneev,Oleg-Stambullan,Arsen,Krasnodar 1998}) 9... f6 10. exf6 exf6 11. Nd5 $5
{[%cal Gc1f4]} Ne7 12. Nf4 Nb6 13. O-O c6 14. c4 $14 {Wahls,Matthias-Manion,
Josh/New York 1994}) (8... Ne8 9. Be3 Bg4 10. Be2 f6 11. e6 $1 {[%cal Gd4d5]}
Nb4 12. d5 {[%csl Gd5,Ge6]} c6 13. h3 Bxf3 14. Bxf3 Nc7 15. dxc6 Nxc6 16. O-O
Qc8 17. Qd7 $14 {[%csl Ge3,Gf3] Barlov,Dragan-Shlussler,Harry Tjentiste 1975})
(8... Ng4 9. Be4 f6 10. h3 Nh6 11. exf6 exf6 12. Bf4 (12. Be3 $6 Ne7 $1 {
[%csl Re3][%cal Gh6f5,Ge7f5]} 13. Qd2 Nhf5 14. Bf4 c6 15. O-O-O Nd6 $13 {
Spassky-Timman,Amsterdam m 1977}) 12... Ne7 13. Qd2 Nhf5 14. O-O-O Nd6 15. d5
$36 {Timman-Donner,Leeuwarden 1979}) (8... Nh5 9. Be3 Bg4 10. Be2 (10. Be4 $6
f6 $1 11. exf6 exf6 12. O-O Kh8 13. Qd2 f5 {[%csl Re4]} 14. Bxc6 bxc6 15. Ne5
c5 16. Nxg4 cxd4 17. Bg5 Qd6 18. Nb5 Qc5 19. Nxd4 Qxd4+ 20. Qxd4 Bxd4+ 21. Be3
Bxb2 $17 {Skripchenko Lautier,Almira-Tseitlin,Mark/Biel op MTO 1997}) 10... f6
11. exf6 exf6 12. O-O f5 13. Qd2 f4 14. Bf2 Qd7 15. Rfe1 Rae8 16. Rad1 {
Shirov,Alexei-Nikolic,Predrag/Amber-blind 8th rapid 1999}) 9. Nxd5 Qxd5 10. c3
Be6 11. O-O Rad8 12. Bf4 Qd7 13. Qe1 $14 {Ehlvest-Anand/Reggio Emilia 1988})
8... Nd5 9. Nxd5 {The main} (9. Bd2 Ncb4 10. Be4 c6 {[%csl Re4][%cal Gb4a6,
Ga6c5]} 11. Ne2 Na6 12. Nfd4 f6 13. exf6 Nxf6 $1 14. Bf3 e5 $1 15. fxe5 Ng4 $36
{Marjanovic,S-Beliavsky,A/JUG-chT Cetinje 1992}) (9. O-O Ncb4 10. Be4 c6 11.
Qe1 Qb6+ 12. Kh1 Bg4 {Shirov,Alexei-Topalov,Veselin/Amber-blind 8th rapid 1999}
) 9... Qxd5 10. Qe2 {[%cal Gd3e4]} Bg4 {The game shows that white cannot get
any advantage in this line} (10... Bf5 $5 {The white-bishop's ex-change is
favourable for black in this variation. After} 11. Bxf5 gxf5 12. O-O Rad8 13.
Be3 f6 14. exf6 Bxf6 {white got nothing. Wang Zili-Antonio/Sydney Mercantile
1991}) 11. Be4 Qa5+ 12. Bd2 Qb6 13. Be3 $6 {White is not too ambitious! I
cannot understand this move} (13. Bc3 $142 Rad8 14. Qf2 $11) 13... Qb4+ 14. Bd2
Qxb2 {The young GM from Ukraine Andrei Volokitin wants to win this game!} (
14... Qb6 $11) 15. O-O {White has some compensation for the pawn but i am sure
that it's not enouth.} Rad8 (15... Rab8 $5 16. Rfb1 Qa3 $15 {[%cal Gf8d8]}) 16.
Rfb1 ({After} 16. Rab1 {Black can take the second pawn:} Qxa2 17. Rxb7 Nd4 $1
18. Qf2 Bxf3 19. gxf3 Qc4 {[%csl Gd4,Rf3,Rf4][%cal Gf7f5] with clear advantage.
That happend in the old game Ankerst-Udovcic,JUG-ch Vrnjacka Banja 1962}) 16...
Qd4+ $6 {After this move white don't have nothing to worry about} (16... Bxf3
$142 17. Qxf3 (17. gxf3 Qd4+ 18. Be3 Qc3 $17 {[%csl Ra1,Rf3,Rf4][%cal Gc6d4]})
17... Qd4+ 18. Be3 Qc3 $17 {And i don't see real compensation for a pawn.}) 17.
Nxd4 Bxe2 18. Nxc6 bxc6 (18... Rxd2 $2 19. Nxe7+ Kh8 20. Rxb7 $16) 19. Bc3 $1 {
Right! The Bishop have to be on the long-diagonal against black's only idea:
f7-f6} (19. Be3 $2 f6 $17 {[%csl Re5][%cal Gg7a1]}) 19... f6 20. Re1 Bc4 21.
Bxc6 {Now there is no any advantage for black} fxe5 22. fxe5 Bh6 {[%mdl 2064]}
1/2-1/2